000 00344nam a2200133Ia 4500
008 230411s9999 xx 000 0 und d
041 _aeng
082 _aN/613.2/SOH/B07689
100 _aSohi Darshan
245 _aExamination Master in Nutrition
260 _bS Vikas and Co
_aJalandhar
_c2012
300 _a192p
999 _c157782
_d157782